000 00931nam a2200265 a 4500
001 BRL_1713
005 20190320211333.0
008 280514s1941----nyua######---#000-0#eng-#
041 _aeng
044 _anyu
050 4 _aF1219
_b.T46 1941
100 1 _aThompson, John Eric Sidney
_cSir
_d1898-1975
_927707
245 1 0 _aMéxico before Cortez
_ban account of the daily life, religion, and ritual of the aztecs and kindred peoples
_cby J. Eric Thompson.
260 _aNew York
_bCharles Scribner´s Sons
_c1941
300 _ax, 298 p.
_bil., 33 láminas (blanco y negro)
_c21 cm.
500 _aAu2126
504 _aBibliografía: p. 291
650 1 4 _aAztecas
_92396
650 1 4 _aIndígenas de México
_xVida social y costumbres
_910614
650 1 4 _aIndígenas de México
_xMitología
_927708
650 1 4 _aIndígenas de México
_xReligión
_95291
651 4 _aMéxico
_xAntigüedades
_92765
902 _aGRL
942 _2lcc
_cB
999 _c10521
_d10521